| 000 | 00713nam a2200253 i 4500 | ||
|---|---|---|---|
| 001 | bgj | ||
| 100 | 1 | _aBRUNO, Frank J. | |
| 245 | 1 | 0 |
_aAdjustment and personal growth : _bseven pathways / _cFrank J. Bruno. |
| 250 | _a2nd ed. | ||
| 260 |
_aNew York [etc.] : _bJohn Wiley & Sons, _ccop. 1983. |
||
| 300 |
_aXIII, 466 pp : _bill. ; _c25 cm. |
||
| 490 | 1 | _a(Psychology) | |
| 504 | _aBibliography p.[453]-460. | ||
| 505 | _aIncludes index. | ||
| 650 | 9 | _aAdjustment (Psychology) | |
| 650 | 9 | _aSelf-actualization (Psychology) | |
| 830 | _a(Psychology) | ||
| 020 | _a0471092967 | ||
| 040 | _cBPK | ||
| 041 | 0 | _aeng | |
| 920 | _a0-471-09296-7 | ||
| 942 | _cKS | ||
| 008 | s uk f |000 0 eng | ||
| 999 |
_c47900 _d47900 |
||
| 856 |
_uhttp://koha.tu.koszalin.pl/cgi-bin/koha/opac-detail.pl?biblionumber=47900 _yKatalog online BPK |
||